000 00894nam a22002055i 4500
001 163430
003 ES-MaACL
005 20250815110842.0
008 050727s1894 fr | |||||||| ||fre d
040 _aCAM
_bspa
_cCAM
100 1 _aReyt, L.
_9131763
245 1 0 _aSuccession des assises tertiaires inférieures sur le pourtour de la protubérance crétacée de Saint-Sever.
260 _aParis :
_bGauthier-Villars, Imprimeurs-libriares des Comptes Rendus des Séances de L'academie des Sciences,
_c[1894?]
300 _a3 p. ;
_c28 cm.
500 _aDatos tomados de la primera p. de texto y colofón.
596 _atexto fechado en 10 décembre 1894.
650 7 _aGeología
_2embne
_913086
852 _aES-MaACL
_jT-898-F-10
_z-- Enc. hol., falto de la cub. original
_z-- Enc. en un vol. facticio
_z.- Legado de Federico de Botella y de Hornos
999 _c163430
_d163430